000 00308 a2200157 4500
001 182271
020 _a85-900333-1-7
040 _cMagnum
100 _aPrates, Luiz Carlos
240 1 0 _aUm rio
_lpor
245 1 0 _aUm rio
300 _a56
362 0 _a1997
697 _aLITERATURA GERAL
942 _cBK
999 _c182271
_d182271